Normal view MARC view
  • Barston, R. P.

Entry Personal Name

Number of records used in: 2

001 - CONTROL NUMBER

  • control field: 16237

003 - CONTROL NUMBER IDENTIFIER

  • control field: NUST

005 - DATE AND TIME OF LATEST TRANSACTION

  • control field: 20190702044027.0

008 - FIXED-LENGTH DATA ELEMENTS

  • fixed length control field: 190702|| aca||aabn | a|a d

040 ## - CATALOGING SOURCE

  • Original cataloging agency: NUST
  • Transcribing agency: NUST

100 ## - HEADING--PERSONAL NAME

  • Personal name: Barston, R. P.
  • Fuller form of name: (Ronald Peter),
  • Relator term: author.

670 ## - SOURCE DATA FOUND

  • Source citation: Work cat.: (NUST)0: Barston, R. P. (Ronald Peter), author., Modern diplomacy /
© 2023 Central Library, National University of Sciences and Technology. All Rights Reserved.